[Event "PRO League Stage"]
[Site "Chess.com INT"]
[Date "2018.01.25"]
[Round "2"]
[White "Kanep, Meelis"]
[Black "Dudukin, Ilya"]
[Result "1-0"]
[WhiteElo "2446"]
[BlackElo "2396"]
[PlyCount "59"]
[EventDate "2018.01.18"]
[EventType "team-swiss (rapid)"]
[EventRounds "9"]
[EventCountry "USA"]
[SourceTitle "CBM 182 Extra"]
[Source "ChessBase"]
[SourceDate "2018.02.23"]
[SourceVersion "1"]
[SourceVersionDate "2018.02.23"]
[SourceQuality "1"]
[WhiteTeam "Estonia Horses"]
[BlackTeam "Volga Stormbringers"]
[WhiteTeamCountry "EST"]
[BlackTeamCountry "RUS"]

1. d4 Nf6 2. Bg5 c5 3. d5 e5 4. dxe6 fxe6 5. e4 Nc6 6. Nc3 Be7 7. f4 d5 8. e5 Nd7 9. Nf3 Ndxe5 10. Nxe5 Nxe5 11. Bxe7 Qxe7 12. fxe5 0-0 13. Qg4 Rf5 14. 0-0-0 Rxe5 15. g3 b5 16. Nxb5 Re4 17. Qf3 Rb8 18. Bd3 Qg5+ 19. Kb1 Re3 20. Qf2 c4 21. Rhf1 Qe7 22. Bxc4 Re5 23. Qf4 Qf6 24. Qd4 Rf5 25. Rxf5 Qxf5 26. Qxa7 Qg4 27. Rf1 Rb7 28. Qc5 Rf7 29. Qxc8+ Rf8 30. Qxf8# 1-0

[Event "PRO League KO Stage"]
[Site "Chess.com INT"]
[Date "2017.03.08"]
[Round "2"]
[White "Nagy, Gabor"]
[Black "Dudukin, Ilya"]
[Result "0-1"]
[WhiteElo "2448"]
[BlackElo "2396"]
[PlyCount "76"]
[EventDate "2017.03.01"]
[EventType "team-k.o. (rapid)"]
[EventRounds "5"]
[EventCountry "USA"]
[SourceTitle "CBM 177 Extra"]
[Source "ChessBase"]
[SourceDate "2017.04.27"]
[SourceVersion "1"]
[SourceVersionDate "2017.04.27"]
[SourceQuality "1"]
[WhiteTeam "Budapest Gambit"]
[BlackTeam "Gorky Stormbringers"]
[WhiteTeamCountry "HUN"]
[BlackTeamCountry "RUS"]

1. d4 Nf6 2. c4 Nc6 3. Nf3 e6 4. a3 g6 5. Nc3 Bg7 6. e4 d6 7. Be2 0-0 8. 0-0 Re8 9. Be3 e5 10. d5 Nd4 11. Nxd4 exd4 12. Bxd4 Nxe4 13. Bxg7 Kxg7 14. Rc1 Nxc3 15. Rxc3 Qf6 16. Bf3 b6 17. Qd2 Bd7 18. b4 Re7 19. h3 Rae8 20. Rfc1 h6 21. c5 Bb5 22. cxb6 cxb6 23. Rc7 h5 24. Rxe7 Rxe7 25. Qa2 h4 26. a4 Bd7 27. b5 Bxh3 28. Qc4 Bf5 29. Bg4 Re4 30. Qxe4 Bxe4 31. Rc7 Bxd5 32. Rxa7 Qa1+ 33. Kh2 Qe5+ 34. Kh3 Qf4 35. a5 Qxf2 36. Rxf7+ Kxf7 37. Be6+ Bxe6+ 38. g4 Qg3# 0-1

[Event "PRO League KO Stage"]
[Site "Chess.com INT"]
[Date "2017.03.01"]
[Round "1"]
[White "Dudukin, Ilya"]
[Black "Klimakovs, Sergejs"]
[Result "1/2-1/2"]
[WhiteElo "2396"]
[BlackElo "2300"]
[PlyCount "79"]
[EventDate "2017.03.01"]
[EventType "team-k.o. (rapid)"]
[EventRounds "5"]
[EventCountry "USA"]
[SourceTitle "CBM 177 Extra"]
[Source "ChessBase"]
[SourceDate "2017.04.27"]
[SourceVersion "1"]
[SourceVersionDate "2017.04.27"]
[SourceQuality "1"]
[WhiteTeam "Gorky Stormbringers"]
[BlackTeam "Riga Magicians"]
[WhiteTeamCountry "RUS"]
[BlackTeamCountry "LAT"]

1. Nf3 d5 2. d4 Nf6 3. c4 c6 4. Nc3 e6 5. cxd5 exd5 6. Bg5 Be7 7. Qc2 0-0 8. e3 Be6 9. Bd3 Nbd7 10. 0-0 Re8 11. h3 Rc8 12. Rac1 h6 13. Bf4 c5 14. dxc5 Nxc5 15. Nd4 a6 16. Rfd1 Nce4 17. Qb3 Nc5 18. Qc2 Nce4 19. Bxe4 Nxe4 20. Qd3 Nc5 21. Qb1 Qb6 22. Nxe6 fxe6 23. Bxh6 Bf6 24. Bf4 Bxc3 25. Rxc3 Ne4 26. Rxc8 Rxc8 27. Be5 Qc5 28. Bc3 Nxc3 29. bxc3 Qxc3 30. Qxb7 Qc2 31. Rd4 Rf8 32. f3 Qe2 33. Qb3 Qe1+ 34. Kh2 Rxf3 35. gxf3 Qf2+ 36. Kh1 Qf1+ 37. Kh2 Qf2+ 38. Kh1 Qf1+ 39. Kh2 Qf2+ 40. Kh1 1/2-1/2

[Event "PRO League KO Stage"]
[Site "Chess.com INT"]
[Date "2017.03.01"]
[Round "1"]
[White "Dudukin, Ilya"]
[Black "Neiksans, Arturs"]
[Result "0-1"]
[WhiteElo "2396"]
[BlackElo "2613"]
[PlyCount "126"]
[EventDate "2017.03.01"]
[EventType "team-k.o. (rapid)"]
[EventRounds "5"]
[EventCountry "USA"]
[SourceTitle "CBM 177 Extra"]
[Source "ChessBase"]
[SourceDate "2017.04.27"]
[SourceVersion "1"]
[SourceVersionDate "2017.04.27"]
[SourceQuality "1"]
[WhiteTeam "Gorky Stormbringers"]
[BlackTeam "Riga Magicians"]
[WhiteTeamCountry "RUS"]
[BlackTeamCountry "LAT"]

1. Nf3 Nf6 2. c4 e6 3. Nc3 b6 4. e4 Bb7 5. e5 Ne4 6. Bd3 Ng5 7. Be2 Nxf3+ 8. Bxf3 Bxf3 9. Qxf3 Nc6 10. Qe4 Bc5 11. d3 Bd4 12. Bf4 0-0 13. 0-0 Qh4 14. Rae1 a6 15. Re2 Rfb8 16. a4 Rf8 17. Bg3 Qxe4 18. Rxe4 Rac8 19. Rb1 f5 20. exf6 Bxf6 21. f3 Nd4 22. Bh4 Nb3 23. Bxf6 gxf6 24. Rd1 f5 25. Ree1 Nd4 26. Kf2 Rb8 27. Rb1 b5 28. b3 Rb7 29. axb5 axb5 30. Ne2 Nc2 31. Red1 Ra8 32. Rd2 Nb4 33. Nc3 c6 34. cxb5 cxb5 35. d4 Rc8 36. Na2 Nd5 37. Nc1 Rbc7 38. Nd3 d6 39. Rbb2 Kf7 40. Ne1 Rc3 41. Nd3 Kf6 42. Ne1 Ra8 43. Rdc2 b4 44. Ke2 Ra3 45. Rxc3 bxc3 46. Rb1 Ra2+ 47. Kd3 Rd2+ 48. Kc4 c2 49. Ra1 Nf4 50. Kc3 Re2 51. b4 Ke7 52. b5 Kd7 53. Ra7+ Kc8 54. Nxc2 Rxg2 55. Rxh7 Nd5+ 56. Kb3 Rf2 57. Rh3 Kb7 58. Nb4 Nc7 59. Ka4 Kb6 60. d5 e5 61. Rh6 Nxb5 62. h4 Rxf3 63. h5 Ra3# 0-1

[Event "PRO League Eastern"]
[Site "Chess.com INT"]
[Date "2017.02.01"]
[Round "4"]
[White "Tari, Aryan"]
[Black "Dudukin, Ilya"]
[Result "1/2-1/2"]
[WhiteElo "2584"]
[BlackElo "2396"]
[PlyCount "89"]
[EventDate "2017.01.11"]
[EventType "team-swiss (rapid)"]
[EventRounds "7"]
[EventCountry "USA"]
[SourceTitle "CBM 176 Extra"]
[Source "ChessBase"]
[SourceDate "2017.03.02"]
[SourceVersion "1"]
[SourceVersionDate "2017.03.02"]
[SourceQuality "1"]
[WhiteTeam "Norway Gnomes"]
[BlackTeam "Gorky Stormbringers"]
[WhiteTeamCountry "NOR"]
[BlackTeamCountry "RUS"]

1. e4 c5 2. Nf3 Nc6 3. Bb5 Nf6 4. Bxc6 dxc6 5. d3 g6 6. 0-0 Bg7 7. h3 0-0 8. Nc3 Ne8 9. Be3 b6 10. Qd2 Nc7 11. Bh6 Ne6 12. e5 Nd4 13. Nxd4 cxd4 14. Ne4 Bxe5 15. Bxf8 Qxf8 16. Rae1 Bg7 17. Ng5 c5 18. f4 e6 19. g4 Bh6 20. Ne4 Bb7 21. Qf2 Qd8 22. Kh2 f5 23. Nd2 Qd6 24. Nc4 Qd5 25. Rg1 fxg4 26. hxg4 Rf8 27. f5 exf5 28. g5 Bg7 29. Qf4 Bc6 30. Re7 b5 31. Qc7 Bh8 32. Nd2 Re8 33. Rxe8+ Bxe8 34. Re1 Bc6 35. Qc8+ Kf7 36. Qc7+ Kg8 37. Qb8+ Kf7 38. Qc7+ Kg8 39. Nf3 Bg7 40. Qb8+ Bf8 41. Rf1 Qe6 42. Re1 Qd5 43. Rf1 Qe6 44. Re1 Qd5 45. Rf1 1/2-1/2

[Event "Nizhnij Novgorod op"]
[Site "Nizhnij Novgorod"]
[Date "2012.10.06"]
[Round "1"]
[White "Dudukin, Ilya"]
[Black "Vifleemskaia, Svetlana"]
[Result "1/2-1/2"]
[WhiteElo "2390"]
[BlackElo "2155"]
[PlyCount "23"]
[EventDate "2012.10.06"]
[EventType "swiss"]
[EventRounds "9"]
[EventCountry "RUS"]
[SourceTitle "EXT 2013"]
[Source "ChessBase"]
[SourceDate "2012.11.22"]
[SourceVersion "1"]
[SourceVersionDate "2012.11.22"]
[SourceQuality "1"]

1. Nf3 Nf6 2. c4 e6 3. Nc3 Bb4 4. g4 0-0 5. g5 Bxc3 6. dxc3 Ne4 7. Qc2 d5 8. Be3 Nd6 9. cxd5 exd5 10. Qb3 c6 11. Bf4 Na6 12. e3 1/2-1/2

[Event "Privolzhskogo FO-ch"]
[Site "Kazan"]
[Date "2012.03.03"]
[Round "6"]
[White "Dudukin, Ilya"]
[Black "Yapparov, Timur"]
[Result "1/2-1/2"]
[WhiteElo "2390"]
[BlackElo "2170"]
[PlyCount "70"]
[EventDate "2012.02.26"]
[EventType "swiss"]
[EventRounds "9"]
[EventCountry "RUS"]
[SourceTitle "CBM 147 Extra"]
[Source "ChessBase"]
[SourceDate "2012.04.24"]
[SourceVersion "1"]
[SourceVersionDate "2012.04.24"]
[SourceQuality "1"]

1. Nf3 d5 2. d4 Nf6 3. c4 c6 4. Nc3 e6 5. g3 Nbd7 6. Bg2 dxc4 7. a4 Be7 8. Nd2 e5 9. Nxc4 exd4 10. Qxd4 0-0 11. 0-0 Nb6 12. Qxd8 Rxd8 13. Nxb6 axb6 14. Be3 Nd7 15. Be4 Nc5 16. Bc2 Be6 17. b4 Na6 18. b5 Nb4 19. Be4 Bf6 20. Rac1 Bxc3 21. Rxc3 Nd5 22. Bxd5 Bxd5 23. Bxb6 Re8 24. Be3 Rxa4 25. b6 Ra2 26. Re1 f5 27. Kf1 Re4 28. Rd1 Kf7 29. Rcc1 h6 30. Ra1 Rea4 31. Rxa2 Rxa2 32. h4 h5 33. Rc1 Ke6 34. f3 g6 35. Rc3 Rb2 1/2-1/2

[Event "Privolzhskogo FO-ch"]
[Site "Kazan"]
[Date "2012.03.01"]
[Round "4"]
[White "Dudukin, Ilya"]
[Black "Terentjev, Vladislav"]
[Result "0-1"]
[WhiteElo "2390"]
[BlackElo "2301"]
[PlyCount "76"]
[EventDate "2012.02.26"]
[EventType "swiss"]
[EventRounds "9"]
[EventCountry "RUS"]
[SourceTitle "CBM 147 Extra"]
[Source "ChessBase"]
[SourceDate "2012.04.24"]
[SourceVersion "1"]
[SourceVersionDate "2012.04.24"]
[SourceQuality "1"]

1. Nf3 Nf6 2. c4 c5 3. Nc3 Nc6 4. d4 cxd4 5. Nxd4 e6 6. a3 Qc7 7. Ndb5 Qb8 8. Bg5 a6 9. Nd4 Be7 10. e3 d6 11. Be2 0-0 12. 0-0 Bd7 13. e4 Rd8 14. Re1 h6 15. Bh4 Be8 16. Bf1 Qa7 17. Nf3 Ng4 18. Bg3 Bf6 19. Rc1 Rac8 20. b4 Nge5 21. Nd2 Ng6 22. Nf3 Nce5 23. Nxe5 dxe5 24. Qb3 h5 25. h3 h4 26. Bh2 Rd2 27. Re2 Rd4 28. Ree1 Bg5 29. Rc2 Rcd8 30. Qb2 Bc6 31. Qb1 Bd2 32. Re2 Rd3 33. Nd5 Qd4 34. b5 axb5 35. cxb5 Bxd5 36. exd5 Qxd5 37. Rxe5 Nxe5 38. Bxd3 Nf3+ 0-1

[Event "Kstovo op"]
[Site "Kstovo"]
[Date "2010.09.10"]
[Round "7"]
[White "Sobiev, Dmitry M"]
[Black "Dudukin, Ilya"]
[Result "0-1"]
[WhiteElo "1852"]
[BlackElo "2401"]
[PlyCount "56"]
[EventDate "2010.09.04"]
[EventType "swiss"]
[EventRounds "9"]
[EventCountry "RUS"]
[SourceTitle "EXT 2014"]
[Source "ChessBase"]
[SourceDate "2013.11.20"]
[SourceVersion "1"]
[SourceVersionDate "2013.11.20"]
[SourceQuality "1"]

1. e4 c6 2. d4 d5 3. Nd2 dxe4 4. Nxe4 Nd7 5. Nf3 Ngf6 6. Ng3 g6 7. Bc4 Bg7 8. 0-0 0-0 9. Bd2 c5 10. dxc5 Nxc5 11. Bc3 Qc7 12. Qe2 Bg4 13. Rfe1 Bxf3 14. gxf3 e6 15. Be5 Qb6 16. Rad1 Rfd8 17. c3 Rac8 18. b4 Ncd7 19. f4 Nxe5 20. fxe5 Nd7 21. Ne4 Nxe5 22. Bb3 a5 23. a3 h6 24. Rxd8+ Rxd8 25. Nc5 Qc6 26. Ba4 Nf3+ 27. Kh1 b5 28. Bxb5 Qa8 0-1

[Event "Nizhnij Novgorod-ch"]
[Site "Nizhnij Novgorod"]
[Date "2010.03.??"]
[Round "?"]
[White "Dudukin, Ilya"]
[Black "Marsak, Viktor D"]
[Result "1-0"]
[WhiteElo "2406"]
[BlackElo "2018"]
[PlyCount "41"]
[EventDate "2010.03.13"]
[EventType "swiss"]
[EventRounds "9"]
[EventCountry "RUS"]
[SourceTitle "EXT 2022"]
[Source "ChessBase"]
[SourceDate "2021.10.06"]
[SourceVersion "1"]
[SourceVersionDate "2021.10.06"]
[SourceQuality "1"]

1. Nf3 f5 2. d3 d6 3. e4 e5 4. Nc3 Nf6 5. exf5 Bxf5 6. d4 e4 7. Nh4 Bg4 8. Be2 Bxe2 9. Qxe2 d5 10. Bg5 c6 11. f3 Bb4 12. 0-0 0-0 13. fxe4 Bxc3 14. bxc3 Nbd7 15. e5 h6 16. Bxf6 gxf6 17. Qg4+ Kh8 18. Ng6+ Kg7 19. Nxf8+ Kxf8 20. exf6 Nxf6 21. Qg6 1-0

[Event "Nizhnij Novgorod-ch"]
[Site "Nizhnij Novgorod"]
[Date "2010.03.??"]
[Round "?"]
[White "Dudukin, Ilya"]
[Black "Yatzenko, Anton"]
[Result "1-0"]
[WhiteElo "2406"]
[BlackElo "2349"]
[PlyCount "55"]
[EventDate "2010.03.13"]
[EventType "swiss"]
[EventRounds "9"]
[EventCountry "RUS"]
[SourceTitle "EXT 2022"]
[Source "ChessBase"]
[SourceDate "2021.10.06"]
[SourceVersion "1"]
[SourceVersionDate "2021.10.06"]
[SourceQuality "1"]

1. Nf3 Nf6 2. c4 c5 3. Nc3 d5 4. cxd5 Nxd5 5. e4 Nb4 6. Bc4 Nd3+ 7. Ke2 Nf4+ 8. Kf1 Ne6 9. b4 cxb4 10. Ne2 Nc7 11. d4 e6 12. Bg5 Be7 13. h4 0-0 14. Rc1 b6 15. d5 exd5 16. exd5 Ne8 17. Ned4 Nf6 18. Ne5 Qd6 19. f4 Ba6 20. Nf5 Qd8 21. d6 Bxc4+ 22. Rxc4 g6 23. Nh6+ Kg7 24. Nhxf7 Rxf7 25. Bh6+ Kg8 26. Nxf7 Qd7 27. Ne5 Qxd6 28. Qb3 1-0

[Event "Nizhnij Novgorod-ch"]
[Site "Nizhnij Novgorod"]
[Date "2010.03.??"]
[Round "?"]
[White "Rakov, Alexey Y"]
[Black "Dudukin, Ilya"]
[Result "1/2-1/2"]
[WhiteElo "2042"]
[BlackElo "2406"]
[PlyCount "82"]
[EventDate "2010.03.13"]
[EventType "swiss"]
[EventRounds "9"]
[EventCountry "RUS"]
[SourceTitle "EXT 2022"]
[Source "ChessBase"]
[SourceDate "2021.10.06"]
[SourceVersion "1"]
[SourceVersionDate "2021.10.06"]
[SourceQuality "1"]

1. e4 d5 2. exd5 Nf6 3. d4 Nxd5 4. c3 Bf5 5. Nf3 e6 6. Bd3 Bxd3 7. Qxd3 c6 8. 0-0 Be7 9. Nbd2 0-0 10. Ne4 Nd7 11. Re1 a5 12. a4 Qb6 13. Ne5 N7f6 14. Qg3 Rad8 15. h4 Qc7 16. Bh6 Ne8 17. h5 Kh8 18. c4 gxh6 19. cxd5 Rxd5 20. Qf4 f6 21. Ng6+ Kg7 22. Qxc7 Nxc7 23. Nxf8 Bxf8 24. Rad1 Bb4 25. Re3 f5 26. Nc3 Rd8 27. Re5 Kf6 28. g3 c5 29. Na2 cxd4 30. f4 Nd5 31. Nxb4 axb4 32. Rxd4 Ra8 33. b3 Rc8 34. Rc4 Rd8 35. Kf2 Ke7 36. Kf3 Kd6 37. Re1 Rg8 38. Rd1 Ke7 39. Rc5 Rd8 40. Rc4 b6 41. Rc6 Kf7 1/2-1/2

[Event "Nabereznye Chelny op 8th"]
[Site "Nabereznye Chelny"]
[Date "2010.01.25"]
[Round "7"]
[White "Dudukin, Ilya"]
[Black "Ponfilenok, Vladimir"]
[Result "0-1"]
[WhiteElo "2401"]
[BlackElo "2445"]
[PlyCount "58"]
[EventDate "2010.01.19"]
[EventType "swiss"]
[EventRounds "9"]
[EventCountry "RUS"]
[SourceTitle "CBM 134 Extra"]
[Source "ChessBase"]
[SourceDate "2010.03.03"]
[SourceVersion "1"]
[SourceVersionDate "2010.03.03"]
[SourceQuality "1"]

1. Nf3 e6 2. c4 f5 3. g3 Nf6 4. Bg2 d5 5. 0-0 Be7 6. d3 0-0 7. Qc2 Nc6 8. cxd5 exd5 9. Nc3 Kh8 10. d4 Ne4 11. Qb3 Na5 12. Qc2 Nc6 13. Bf4 g5 14. Be5+ Nxe5 15. Nxe5 c6 16. e3 Be6 17. Rad1 Bd6 18. Kh1 Qf6 19. f3 Nxc3 20. Qxc3 f4 21. Rfe1 Rae8 22. Re2 fxg3 23. hxg3 Bc8 24. f4 Bxe5 25. dxe5 Qh6+ 26. Kg1 Bg4 27. Rde1 Bxe2 28. Rxe2 Qg7 29. Kf2 Qxe5 0-1

[Event "Nabereznye Chelny op 8th"]
[Site "Nabereznye Chelny"]
[Date "2010.01.24"]
[Round "6"]
[White "Terentjev, Vladislav"]
[Black "Dudukin, Ilya"]
[Result "0-1"]
[WhiteElo "2239"]
[BlackElo "2401"]
[PlyCount "72"]
[EventDate "2010.01.19"]
[EventType "swiss"]
[EventRounds "9"]
[EventCountry "RUS"]
[SourceTitle "CBM 134 Extra"]
[Source "ChessBase"]
[SourceDate "2010.03.03"]
[SourceVersion "1"]
[SourceVersionDate "2010.03.03"]
[SourceQuality "1"]

1. c4 g6 2. Nc3 Bg7 3. e4 d6 4. g3 c5 5. Bg2 Nc6 6. Nge2 e6 7. 0-0 Nge7 8. d3 0-0 9. Rb1 Rb8 10. Be3 Nd4 11. b4 Qd7 12. f4 b6 13. bxc5 dxc5 14. e5 Bb7 15. Bxb7 Rxb7 16. Bxd4 cxd4 17. Ne4 Nf5 18. Qe1 f6 19. exf6 Bxf6 20. Qf2 Bg7 21. Rfc1 Ne3 22. Qf3 Rc7 23. c5 Qd5 24. cxb6 Rxc1+ 25. Nxc1 axb6 26. Ng5 Qa5 27. Qe2 e5 28. Ne6 Rc8 29. Nb3 Qd5 30. Nxg7 Rc2 31. Ne8 Qc6 32. Rc1 Rxc1+ 33. Nxc1 Qxc1+ 34. Kf2 Qc6 35. fxe5 Qxe8 36. Qb2 Nd1+ 0-1

[Event "Nizhnij Novgorod-ch HL"]
[Site "Nizhnij Novgorod"]
[Date "2009.11.14"]
[Round "?"]
[White "Dudukin, Ilya"]
[Black "Golovin, Leonid"]
[Result "1/2-1/2"]
[WhiteElo "2403"]
[BlackElo "2440"]
[PlyCount "37"]
[EventDate "2009.11.14"]
[EventType "swiss"]
[EventRounds "9"]
[EventCountry "RUS"]
[SourceTitle "EXT 2022"]
[Source "ChessBase"]
[SourceDate "2021.10.06"]
[SourceVersion "1"]
[SourceVersionDate "2021.10.06"]
[SourceQuality "1"]

1. Nf3 Nf6 2. c4 e6 3. Nc3 Bb4 4. Qc2 0-0 5. a3 Bxc3 6. Qxc3 b6 7. e3 Bb7 8. Be2 d5 9. 0-0 dxc4 10. Bxc4 c5 11. b3 Bxf3 12. gxf3 Nd5 13. Qe5 Nc6 14. Qg3 Nde7 15. Bb2 Nf5 16. Qg2 Na5 17. Bc3 Nxc4 18. bxc4 f6 19. Qg4 1/2-1/2

[Event "Vladimir op-A"]
[Site "Vladimir"]
[Date "2009.08.28"]
[Round "9"]
[White "Dudukin, Ilya"]
[Black "Yaksin, Oleg"]
[Result "0-1"]
[WhiteElo "2393"]
[BlackElo "2345"]
[PlyCount "116"]
[EventDate "2009.08.19"]
[EventType "swiss"]
[EventRounds "9"]
[EventCountry "RUS"]
[SourceTitle "EXT 2010"]
[Source "ChessBase"]
[SourceDate "2010.11.25"]
[SourceVersion "1"]
[SourceVersionDate "2010.11.25"]
[SourceQuality "1"]

1. Nf3 Nf6 2. c4 e6 3. Nc3 b6 4. g3 Bb7 5. Bg2 Be7 6. 0-0 0-0 7. Re1 d5 8. cxd5 Nxd5 9. e4 Nxc3 10. bxc3 c5 11. d4 Nd7 12. d5 exd5 13. exd5 Bf6 14. Qc2 Bxd5 15. Rd1 Be6 16. Bf4 Qe8 17. Ng5 Bxg5 18. Bxg5 Rc8 19. Bf4 c4 20. Bd6 Nc5 21. Bxf8 Qxf8 22. Rd4 g6 23. Qd2 b5 24. Rd1 a5 25. Qg5 f6 26. Qe3 Bf7 27. Bf1 Re8 28. Qf3 Qe7 29. Qc6 Na4 30. Qf3 Nc5 31. h4 Qe5 32. R1d2 Ne4 33. Rd1 f5 34. Qe2 Qf6 35. Bg2 Nc5 36. Qd2 Nd3 37. Bf1 Nc5 38. Rb1 Ne4 39. Qc2 b4 40. Bxc4 Nxc3 41. Bxf7+ Qxf7 42. Rbd1 Ne2+ 43. Kh2 Nxd4 44. Rxd4 Qe6 45. Rd2 f4 46. Qd3 Qe5 47. Qc4+ Kh8 48. gxf4 Qf6 49. Kg3 Qc3+ 50. Qd3 a4 51. Kg2 Qxd3 52. Rxd3 Rb8 53. Rd2 b3 54. axb3 axb3 55. Rb2 Kg7 56. Kf3 Kf6 57. Kg4 h5+ 58. Kg3 Kf5 0-1

[Event "Vladimir op-A"]
[Site "Vladimir"]
[Date "2009.08.21"]
[Round "3"]
[White "Dudukin, Ilya"]
[Black "Glek, Igor Vladimirovich"]
[Result "1/2-1/2"]
[WhiteElo "2393"]
[BlackElo "2512"]
[PlyCount "39"]
[EventDate "2009.08.19"]
[EventType "swiss"]
[EventRounds "9"]
[EventCountry "RUS"]
[SourceTitle "EXT 2010"]
[Source "ChessBase"]
[SourceDate "2010.11.25"]
[SourceVersion "1"]
[SourceVersionDate "2010.11.25"]
[SourceQuality "1"]

1. Nf3 d6 2. d4 Nf6 3. c4 g6 4. Nc3 Bf5 5. Nh4 Bd7 6. Nf3 Bg7 7. Bf4 0-0 8. Qd2 c5 9. d5 b5 10. cxb5 a6 11. bxa6 Nxa6 12. e4 Qb6 13. Be2 Rfb8 14. Rb1 Nc7 15. 0-0 Nb5 16. Bxb5 Bxb5 17. Rfe1 Qa6 18. e5 Ne8 19. Bh6 Bd3 20. Bxg7 1/2-1/2

[Event "Vladimir op-A"]
[Site "Vladimir"]
[Date "2009.08.19"]
[Round "1"]
[White "Dudukin, Ilya"]
[Black "Stojkov, Sergei"]
[Result "1-0"]
[WhiteElo "2393"]
[BlackElo "2058"]
[PlyCount "53"]
[EventDate "2009.08.19"]
[EventType "swiss"]
[EventRounds "9"]
[EventCountry "RUS"]
[SourceTitle "EXT 2010"]
[Source "ChessBase"]
[SourceDate "2010.11.25"]
[SourceVersion "1"]
[SourceVersionDate "2010.11.25"]
[SourceQuality "1"]

1. Nf3 Nf6 2. c4 g6 3. Nc3 Bg7 4. e4 d6 5. d4 0-0 6. Be2 Nbd7 7. 0-0 e5 8. Qc2 exd4 9. Nxd4 Nc5 10. Rd1 Ng4 11. f3 Ne5 12. Be3 Ne6 13. Rac1 Nxd4 14. Bxd4 Qg5 15. Bf2 f5 16. c5 dxc5 17. Nd5 f4 18. h4 Qh6 19. Qxc5 c6 20. Nc7 b6 21. Qd6 Rb8 22. Ne8 Ba6 23. Nxg7 Bxe2 24. Nf5 Qh5 25. Qxe5 gxf5 26. Rd7 Qg6 27. Bd4 1-0

[Event "Nizhnij Novgorod-ch 61st"]
[Site "Nizhnij Novgorod"]
[Date "2009.03.??"]
[Round "?"]
[White "Dudukin, Ilya"]
[Black "Kapustina, Olga"]
[Result "1/2-1/2"]
[WhiteElo "2394"]
[BlackElo "2052"]
[PlyCount "59"]
[EventDate "2009.03.06"]
[EventType "swiss"]
[EventRounds "9"]
[EventCountry "RUS"]
[SourceTitle "EXT 2010"]
[Source "ChessBase"]
[SourceDate "2010.11.25"]
[SourceVersion "1"]
[SourceVersionDate "2010.11.25"]
[SourceQuality "1"]

1. Nf3 Nf6 2. c4 c5 3. Nc3 d5 4. cxd5 Nxd5 5. e4 Nxc3 6. dxc3 Qxd1+ 7. Kxd1 g6 8. Kc2 Bg7 9. Be3 b6 10. a4 0-0 11. a5 Bb7 12. Nd2 Nd7 13. f3 Bc6 14. Be2 Rfd8 15. Rhd1 h6 16. Nb3 Ne5 17. Rxd8+ Rxd8 18. Nd2 Nd7 19. Ra3 e6 20. Ra1 Bf8 21. Bf4 e5 22. Be3 Kg7 23. Rd1 Bd6 24. a6 Bc7 25. b4 cxb4 26. cxb4 Ba4+ 27. Nb3 Nf8 28. Rxd8 Bxd8 29. Kb2 Bxb3 30. Kxb3 1/2-1/2

[Event "Nizhnij Novgorod-ch 61st"]
[Site "Nizhnij Novgorod"]
[Date "2009.03.??"]
[Round "?"]
[White "Milashevskaja, Valentina"]
[Black "Dudukin, Ilya"]
[Result "0-1"]
[WhiteElo "1854"]
[BlackElo "2394"]
[PlyCount "72"]
[EventDate "2009.03.06"]
[EventType "swiss"]
[EventRounds "9"]
[EventCountry "RUS"]
[SourceTitle "EXT 2010"]
[Source "ChessBase"]
[SourceDate "2010.11.25"]
[SourceVersion "1"]
[SourceVersionDate "2010.11.25"]
[SourceQuality "1"]

1. d4 Nf6 2. c4 Nc6 3. Nf3 e6 4. Nc3 Bb4 5. Bd2 0-0 6. Qc2 d6 7. a3 Bxc3 8. Bxc3 Qe7 9. e4 e5 10. d5 Nb8 11. Be2 a5 12. 0-0 a4 13. Bd2 h6 14. h3 Na6 15. Bb4 Bd7 16. Nd2 Nh7 17. f4 exf4 18. Rxf4 Bxh3 19. gxh3 Qg5+ 20. Rg4 Qe3+ 21. Kh2 Nxb4 22. axb4 Qxe2+ 23. Rg2 Qh5 24. Ra3 Qe5+ 25. Rag3 a3 26. Nf3 Qf4 27. Qc3 Ng5 28. bxa3 f6 29. Nxg5 hxg5 30. Qe3 Qe5 31. Kh1 Rf7 32. Qd3 Re7 33. Rg4 Qa1+ 34. Kh2 Rxa3 35. Qd2 Qe5+ 36. Kh1 Rxh3+ 0-1

[Event "Nizhnij Novgorod-ch 61st"]
[Site "Nizhnij Novgorod"]
[Date "2009.03.??"]
[Round "?"]
[White "Pashkin, Viktor"]
[Black "Dudukin, Ilya"]
[Result "1-0"]
[WhiteElo "1894"]
[BlackElo "2394"]
[PlyCount "61"]
[EventDate "2009.03.06"]
[EventType "swiss"]
[EventRounds "9"]
[EventCountry "RUS"]
[SourceTitle "EXT 2010"]
[Source "ChessBase"]
[SourceDate "2010.11.25"]
[SourceVersion "1"]
[SourceVersionDate "2010.11.25"]
[SourceQuality "1"]

1. b3 e5 2. Bb2 d6 3. e3 f5 4. d4 Nd7 5. dxe5 dxe5 6. Nf3 Bb4+ 7. c3 Bd6 8. Be2 Nh6 9. Nbd2 Nb6 10. Nc4 Nxc4 11. Bxc4 Qe7 12. Qc2 Bd7 13. 0-0-0 a6 14. h3 Nf7 15. Rd2 e4 16. Bxf7+ Qxf7 17. Nd4 Qe7 18. Qd1 0-0 19. g4 f4 20. Nf5 Bxf5 21. gxf5 Rxf5 22. Rg1 Rf7 23. Qg4 Qd7 24. Qh5 Rf5 25. Qg4 Rf7 26. Qh5 Qe6 27. c4 b6 28. Rd5 fxe3 29. fxe3 Bc5 30. Qg5 Qg6 31. Rd8+ 1-0